00504nam a2200169Ia 4500003000900000008004100009020001800050040001600068080001600084110002200100245010000122260003800222300001600260650001900276650002000295650001900315IN-BaIIA211028s9999 xx 000 0 eng d a0-471-03568-8 cIIA Library a681.31bINT aInter Corporation 4aThe 8080/8085 microprocessor bookcInter Corporation  aNew YorkbJohn Wiley & Sonsc1980 axiii, 603p. aMicrocomputers aMicroprocessors aNASA thesaurus